[Event "2. AUT Bundesliga 2020-21"]
[Site "Graz"]
[Date "2021.04.11"]
[Round "5.1"]
[White "Ftacnik, Lubomir"]
[Black "Bauer, Sebastian"]
[Result "1-0"]
[WhiteElo "2512"]
[BlackElo "2280"]
[Annotator "TA"]
[PlyCount "87"]
[EventDate "2021.01.17"]
[EventType "team-tourn"]
[EventCountry "AUT"]
[SourceTitle "playchess.com"]
[Source "ChessBase"]
[SourceQuality "1"]

{[%evp 19,87,30,36,42,39,37,56,12,66,28,42,53,52,0,11,0,13,-53,-52,-59,-20,-27,-31,-37,-31,-34,-27,-34,-34,-27,0,0,-8,-92,75,46,66,62,99,95,81,-22,12,-38,-54,-72,-32,-46,0,-87,0,-51,-30,-50,-58,-43,0,0,0,0,0,0,0,-169,-149,-147,29991,29992,29992,29993]} 1. Nf3 Nf6 2. c4 g6 3. Nc3 Bg7 4. e4 d6 5. d4 O-O 6. Be2 e5 7. O-O Nc6 8. d5 Ne7 9. b4 Nh5 10. Re1 f5 11. a4 {E97: King's Indian: Classical Main Line (6...e5 7 0-0 Nc6): 8 Be3 and 8 d5 Ne7, not 9 Ne1.} Nf6 12. Bd3 {[#]} c6 $146 ({Predecessor:} 12... h6 13. Ba3 f4 14. c5 g5 15. b5 Ng6 16. b6 cxb6 17. cxd6 a6 18. Rb1 g4 {½-½ (39) Zhou,J (2565)-Ding,L (2717) Xinghua 2014}) 13. Ra3 {White is slightly better.} Kh8 ({Better is} 13... fxe4 $11 14. Nxe4 cxd5 15. cxd5 Bg4) 14. Nd2 Bh6 15. a5 cxd5 16. cxd5 fxe4 17. Bxe4 Bf5 18. f3 (18. Bb2 $11) 18... Rc8 $15 19. Bb2 Qd7 20. Rb3 Kg8 21. b5 Qc7 22. b6 axb6 23. axb6 Qc5+ {[%mdl 64] Double Attack} 24. Kh1 Qf2 ({Much weaker is} 24... Nfxd5 $6 25. Nxd5 Nxd5 26. Ba3 $16) 25. Re2 Qh4 26. Nf1 (26. Ba3 $11) 26... Rxc3 $2 27. Bxf5 $1 $16 {Black must now prevent Be6+.} Rxb3 28. Be6+ Kh8 29. Qxb3 Nf5 {[#]} 30. Qd1 (30. g3 $1 $16 {[%cal Rg3h4]} Qh5 31. Qd3) 30... Nh5 31. Qe1 (31. Bxf5 $5 gxf5 32. Ba3 $11) 31... Qc4 $36 {[%mdl 2048] And now ...Nf4 would win. Black has good play.} 32. Re4 Qc2 33. Re2 Qc4 {aiming for ...Nf4.} 34. Re4 {[%cal Re4c4]} Qc2 35. Re2 Qb3 {...Nf4 is the strong threat.} 36. Bc1 Bxc1 37. Qxc1 Qxb6 38. Rb2 Qa6 39. g4 {[%mdl 64] Double Attack} Nf4 40. gxf5 {Strongly threatening Rc2.} Qa3 $1 {[%cal Ra3f3]} 41. Nd2 (41. fxg6 $1 $11 {and White stays safe.} Qxf3+ {[%mdl 64] Double Attack} 42. Kg1) 41... Nd3 $19 {[%mdl 1088] Double Attack. Black has strong compensation.} 42. Nc4 {[#]} Qc5 {[%mdl 8192]} (42... Nxc1 $2 {too greedy.} 43. Nxa3 Rb8 44. Nc4 $18) (42... Qxb2 $3 $17 {[%mdl 512]} 43. Qxb2 Nxb2 44. Nxb2 b5) 43. Qh6 {[%cal Rh6f8][%mdl 64] Double Attack} Ra8 {[#]} 44. Ra2 $3 {[%mdl 512] Weighted Error Value: White=0.29/Black=0.36} 1-0

[Event "2. AUT Bundesliga 2020-21"]
[Site "Graz"]
[Date "2021.04.11"]
[Round "5.1"]
[White "Guetz, Wolfgang"]
[Black "Tadic, Branko"]
[Result "1/2-1/2"]
[WhiteElo "2061"]
[BlackElo "2487"]
[Annotator "TA"]
[PlyCount "156"]
[EventDate "2021.01.17"]
[EventType "team-tourn"]
[EventCountry "AUT"]
[SourceTitle "playchess.com"]
[Source "ChessBase"]
[SourceQuality "1"]

{[%evp 14,156,66,68,74,27,26,32,35,39,54,6,27,-14,-10,-39,0,0,0,0,0,0,47,31,85,38,42,0,43,37,40,44,118,61,135,127,134,119,129,108,222,226,214,214,256,236,254,227,239,224,289,280,374,34,65,65,61,64,110,80,318,305,312,315,556,478,546,565,515,396,537,538,480,509,525,522,449,415,463,435,441,429,457,454,428,428,414,421,406,405,392,392,286,244,244,244,244,244,244,244,244,244,244,244,259,244,244,244,244,244,251,244,244,244,244,244,244,244,244,244,244,244,371,244,244,0,327,244,244,244,244,244,244,244,244,244,244,244,244,244,243,0,243,0,0]} 1. e4 d6 2. d4 Nf6 3. Nc3 e5 4. dxe5 dxe5 5. Qxd8+ Kxd8 6. Nf3 Bd6 7. Bg5 {7.Be3 is becoming the main line.} Nbd7 8. O-O-O Ke8 {B07: Pirc Defence: Miscellaneous Systems.} 9. Bc4 a6 10. a4 h6 {White is slightly better.} 11. Bh4 Kf8 12. Rhe1 g6 {[#]} 13. Rd2 $146 ({Predecessor:} 13. Nd5 Kg7 14. Nd2 Rb8 15. a5 Nxd5 16. Bxd5 b5 17. axb6 Nxb6 18. Nc4 Nxc4 19. Bxc4 {½-½ (31) Libiszewski,F (2533)-Movsesian,S (2677) Caleta 2014}) 13... Kg7 14. Red1 Re8 15. Rxd6 cxd6 16. Rxd6 Rb8 17. Bd5 Nh7 (17... g5 $5 18. Bg3 $8 Nh5 $11) 18. Bg3 f6 ({Black should try} 18... Nhf6 $14) 19. b4 Ndf8 20. Rb6 Ng5 (20... Nd7 $5 {[%cal Rd7b6]} 21. Rd6 Ng5 $14) 21. Nxg5 hxg5 22. f3 Ne6 (22... Nd7 $14 23. Rd6 Nf8) 23. b5 ({Better is} 23. Bf2 $16) 23... a5 (23... Nc7 $14) 24. Bf2 $16 Nf8 25. Kb2 Ne6 26. g3 Nd4 (26... Nf8 $16) 27. Bxd4 $18 exd4 28. Ne2 d3 29. cxd3 Rh8 30. Nd4 Rxh2+ 31. Kc3 g4 32. fxg4 Rh3 33. Ne6+ $2 (33. e5 $18 fxe5 34. Nc6 $1 {[%mdl 512]} bxc6 35. Rxb8 cxd5 36. Rxc8) 33... Bxe6 $14 34. Bxe6 Rxg3 {[%mdl 4096] Endgame KRR-KRB} 35. Kc4 Kh6 36. Bd5 $1 {[%mdl 64] Discovered Attack} Kg5 $2 (36... Rc8+ $16 37. Kd4 Rg1) 37. Rxb7 $18 Rc8+ 38. Kd4 Rxg4 $2 (38... Rg1 {might work better.} 39. Ra7 Rd8 40. Rxa5 Kxg4) 39. b6 Rg1 40. Rc7 Rb8 41. b7 Rb1 42. Kc5 Kf4 43. Rf7 f5 44. exf5 gxf5 45. Bc6 Ke3 46. Bb5 f4 47. Kb6 f3 48. Kc7 Rxb7+ 49. Kxb7 {KRB-KR} f2 50. d4 $1 {[%cal Rd4d5] And now d5 would win.} Rxb5+ 51. axb5 {Threatening mate with Kc6. KR-KPP} a4 {...a3 is the strong threat.} 52. d5 {Intending d6 and mate.} a3 {[#] Threatens to win with ...a2.} 53. Rxf2 {[%mdl 64] Promotion} Kxf2 {KPP-KP} 54. d6 a2 55. d7 a1=Q 56. d8=Q {KQ-KQ} Qe5 57. b6 Kg1 58. Qg8+ Kf1 59. Qc4+ Kg1 60. Qc1+ Kf2 61. Qc2+ Kf1 62. Qc7 Qd5+ 63. Kb8 Qg8+ {[#]} 64. Qc8 $1 {[%cal Rc8g8]} Qg3+ 65. Ka7 Qe3 66. Qf5+ Kg1 67. Qg6+ Kf1 (67... Kh1 {keeps fighting.} 68. Ka6 Qe2+ 69. Ka7 Qe3) 68. Qf6+ Kg1 69. Qg6+ Kf1 $1 70. Qb1+ Kf2 {intending ...Qa3+.} 71. Qb2+ Kf1 72. Qb5+ Kg1 73. Ka8 Qa3+ 74. Kb8 Qd6+ 75. Kc8 {aiming for b7.} Qe6+ 76. Kb7 Qe7+ 77. Kb8 {Strongly threatening b7.} Qd6+ {[#]} 78. Ka8 $2 (78. Ka7 $1 $18 Qa3+ 79. Qa6) 78... Qa3+ {Weighted Error Value: White=0.22/Black=0.36} 1/2-1/2

[Event "2. AUT Bundesliga 2020-21"]
[Site "Graz"]
[Date "2021.04.11"]
[Round "5.2"]
[White "Kiss, Attila"]
[Black "Kristoferitsch, Daniel"]
[Result "1/2-1/2"]
[WhiteElo "2312"]
[BlackElo "2166"]
[Annotator "TA"]
[PlyCount "69"]
[EventDate "2021.01.17"]
[EventType "team-tourn"]
[EventCountry "AUT"]
[SourceTitle "playchess.com"]
[Source "ChessBase"]
[SourceQuality "1"]

{[%evp 11,69,30,35,15,33,-21,-24,-15,0,0,0,-20,-11,-20,-14,-19,-20,-20,-9,-28,-6,-16,-10,-19,-10,-39,-31,-33,-31,-34,0,0,10,14,6,8,5,0,0,0,0,0,0,0,0,0,0,0,0,0,0,0,0,0,0,0,0,0,0,0]} 1. e4 c5 2. Nf3 e6 3. d4 cxd4 4. Nxd4 Nf6 5. Nc3 Nc6 6. Ndb5 Bc5 7. Nd6+ {B45: Sicilian Four Knights.} Ke7 $1 8. Nxc8+ (8. Bf4 $14) 8... Rxc8 $11 9. Bd3 {Black has an edge.} Re8 10. O-O a6 {[#]} 11. Qe1 $146 (11. Bf4 {seems wilder.} Bd4 12. Bg3 Kf8 13. Ne2 Bb6 14. Nf4) ({Predecessor:} 11. Kh1 Kf8 12. f4 d6 13. a3 b5 14. Qf3 Kg8 15. Bd2 Bd4 16. Rae1 e5 17. a4 Bxc3 18. Bxc3 b4 19. Bd2 Qa5 20. b3 {½-½ (20) Gurevich,V (2465)-Abergel,T (2521) Germany 2011}) 11... d6 12. Be3 (12. Bg5 {is interesting.} Kf8) 12... Bxe3 13. Qxe3 Kf8 14. Rad1 Qc7 15. Rd2 h6 16. Rfd1 Rcd8 17. Be2 Re7 18. h3 d5 19. exd5 exd5 20. Qg3 Qb6 {[#] Threatens to win with ...d4.} 21. Bf3 {[%cal Rc3d5] The position is equal.} d4 22. Ne2 Ne4 23. Bxe4 Rxe4 24. c3 dxc3 $1 25. Rxd8+ Nxd8 26. Nxc3 Rd4 27. Rxd4 Qxd4 28. Qc7 Ke8 29. g3 g6 30. h4 h5 31. Kg2 Qd7 32. Qe5+ Qe6 33. Qc7 Qd7 34. Qe5+ Qe6 35. Qc7 {Weighted Error Value: White=0.06/Black=0.04} 1/2-1/2

[Event "2. AUT Bundesliga 2020-21"]
[Site "Graz"]
[Date "2021.04.11"]
[Round "5.2"]
[White "Ragger, Anna-Christina"]
[Black "Kadric, Denis"]
[Result "0-1"]
[WhiteElo "2198"]
[BlackElo "2577"]
[Annotator "TA"]
[PlyCount "80"]
[EventDate "2021.01.17"]
[EventType "team-tourn"]
[EventCountry "AUT"]
[SourceTitle "playchess.com"]
[Source "ChessBase"]
[SourceQuality "1"]

{[%evp 17,80,14,19,0,4,0,12,0,2,-14,0,0,0,0,4,-16,-18,-20,-21,-14,0,0,0,0,0,0,0,0,0,0,0,0,61,-83,0,0,0,-37,-26,-44,-29,-15,-28,-78,-75,-75,-75,-77,-34,-21,-20,-32,35,-514,-476,-527,-525,-491,-262,-612,-359,-357,-358,-362,-356]} 1. d4 Nf6 2. c3 d6 3. Nf3 Nbd7 4. Bg5 h6 5. Bh4 b6 6. Nbd2 Bb7 7. e3 g6 8. Bd3 Bg7 9. O-O O-O 10. Qe2 {A48: 1 d4 Nf6 2 Nf3 g6: Torre, London and Colle Systems.} a6 11. a4 e5 {[#]} 12. dxe5 $146 {The position is equal.} ({Predecessor:} 12. Be4 Bxe4 13. Nxe4 g5 14. Nxf6+ Nxf6 15. dxe5 dxe5 16. Bg3 Nd7 17. Rfd1 Qe7 18. e4 {1-0 (25) Bohm,H-Ivarsson,J Eksjo 1974}) 12... dxe5 13. e4 Qe8 14. Bxf6 Nxf6 15. Bc2 Nh5 16. Rfd1 Nf4 17. Qe1 a5 18. Nf1 Ba6 19. Rd2 Rd8 20. Rad1 {[%cal Ba1d1,Bd1d2,Bd2d5][%mdl 32]} Rxd2 21. Rxd2 b5 22. g3 Ne6 {[%cal Bf4e6,Be6g5,Bg5f3][%mdl 32]} 23. Ne3 bxa4 24. Rd5 c5 (24... Bb5 $11) 25. Nxe5 (25. Rd6 $14 Qa8 26. Bxa4) 25... Bb7 (25... Nc7 $17 26. Rxc5 Qe7 27. Rxa5 Bxe5 28. Bxa4 Bb7) 26. N5c4 $1 $11 Ng5 27. Qb1 {[#] Nd6 is the strong threat.} Bxd5 28. exd5 Nf3+ 29. Kg2 Ne5 30. Qa2 Nxc4 31. Qxc4 Qb8 32. Qa2 Kh8 33. Bxa4 f5 34. Nc4 f4 ({Black should try} 34... Qd8 $15 35. Bc6 f4) 35. d6 $2 {[%mdl 8192] This move loses the game for White.} (35. Qb1 $14 {keeps the upper hand.}) 35... Qb7+ $19 36. f3 fxg3 37. Nd2 gxh2 (37... Qa6 $142 {( -> ...Qe2+)} 38. Qe6 Qd3) 38. Kxh2 $2 (38. d7) 38... Be5+ 39. Kg2 Bxd6 {[#] aiming for ...Qe7.} 40. Qe6 Qe7 {Weighted Error Value: White=0.52/Black=0.36} 0-1

[Event "2. AUT Bundesliga 2020-21"]
[Site "Graz"]
[Date "2021.04.11"]
[Round "5.2"]
[White "Eder, Matthias"]
[Black "Csonka, Attila Istvan"]
[Result "0-1"]
[WhiteElo "2170"]
[BlackElo "2362"]
[Annotator "TA"]
[PlyCount "118"]
[EventDate "2021.01.17"]
[EventType "team-tourn"]
[EventCountry "AUT"]
[SourceTitle "playchess.com"]
[Source "ChessBase"]
[SourceQuality "1"]

{[%evp 18,118,7,0,23,10,64,39,71,78,71,80,83,55,59,59,87,79,87,70,95,66,106,98,91,109,204,58,69,56,135,111,231,245,234,197,172,102,110,121,80,28,35,35,32,0,0,0,0,0,0,0,0,0,0,0,0,0,0,-29,-29,-62,-62,-62,-53,-62,-56,-112,-105,-105,-105,-105,-105,-105,-105,-105,-31,-24,-8,-347,-326,-1136,-308,-580,-331,-830,-347,-1420,-1304,-1162,-1093,-824,-694,-29963,-5720,-6974,-6439,-29958,-6079,-29989,-29977,-29972,-6621]} 1. e4 c5 2. c3 Nf6 3. e5 Nd5 4. Nf3 e6 5. d4 cxd4 6. cxd4 d6 7. Bc4 Nc6 8. O-O Be7 9. Qe2 O-O 10. Qe4 {10.Rd1 is becoming the main line.} a6 {[#] B22: Sicilian: 2 c3.} 11. Bb3 $146 ({Predecessor:} 11. Re1 Ndb4 12. exd6 Qxd6 13. Bf4 Qd8 14. Nc3 b5 15. Bf1 f5 16. Qe2 g5 17. Be3 f4 18. Bc1 Nxd4 19. Nxd4 Qxd4 {1-0 (43) Pavasovic,D (2568)-Kozul,Z (2588) Bled 2002}) 11... Rb8 (11... Qc7 $11) 12. Nc3 $14 Nxc3 {White is slightly better.} 13. bxc3 dxe5 14. dxe5 $40 {[%mdl 128] White is out for blood.} (14. Nxe5 $6 Nxe5 15. Qxe5 Bd6 $11) 14... Qc7 15. Bc2 {[%csl Gc2][%cal Re4h7]} g6 16. Bh6 Rd8 17. Rae1 Rd5 18. Re3 Bd7 19. Rfe1 Be8 20. Qf4 $1 Rbd8 21. Bg5 Bxg5 (21... Rc5 $16) 22. Qxg5 (22. Nxg5 $18 Rxe5 23. Nf3 (23. Rxe5 Nxe5 24. Qxe5 Qxe5 $18)) 22... Qe7 23. Qf4 Kg7 (23... Na5 $1 $14) 24. h4 $1 $16 b5 (24... Bd7 $16) 25. h5 $1 $18 b4 26. Nh2 {Strongly threatening Ng4.} h6 27. Rg3 (27. Ng4 $18 Qg5 28. Qf6+ Qxf6 29. exf6+ Kf8 30. hxg6 (30. Nxh6 Rxh5 31. Ng4 Rd2 $11) 30... fxg6 31. Bb3 (31. Rxe6 Bd7 $11) (31. Nxh6 bxc3 32. Rxc3 Nd4 $16)) 27... bxc3 $16 28. hxg6 (28. Rxc3 $6 Rd4 $11) 28... fxg6 29. Nf3 (29. Ng4 $16 Qg5 30. Qxg5 hxg5 31. Rxc3) 29... Nd4 $1 $11 {[%cal Rd4c2]} 30. Nxd4 Rxd4 31. Re4 Rd2 32. Rxc3 g5 33. Qe3 Bg6 34. Rec4 Rxc2 35. Rxc2 Bxc2 36. Rxc2 {[%mdl 4096] Endgame KQR-KQR} Rd1+ 37. Kh2 Qb4 38. Qh3 {Intending Rc7+ and mate.} Qf4+ 39. Qg3 Qe4 40. Rc7+ Kg6 $1 41. Re7 Qf5 42. Qf3 (42. Qb3 $15 Qxe5+ 43. g3) 42... Qxf3 43. gxf3 $17 {KR-KR} Kf5 {aiming for ...Ra1.} 44. Ra7 Rd2 $1 {[%cal Rd2f2]} ({Don't play} 44... Kxe5 $6 45. Rxa6 Ra1 46. Kg2 $11) 45. Rxa6 Rxf2+ ({But not} 45... Kxe5 $6 46. Kg3 $11) 46. Kg3 Re2 (46... Rf1 $1 $17 {And now ...h5 would win.} 47. a4 h5) 47. Ra8 $15 h5 48. Rf8+ $2 {[%mdl 8192]} (48. a4 $1 $11 {and White has nothing to worry.}) 48... Kxe5 $19 49. Rg8 $2 (49. a4 Ra2 50. Ra8) 49... Kf5 $2 (49... h4+ 50. Kg4 Kf6) 50. Rf8+ $2 (50. a4 h4+ 51. Kh3) 50... Kg6 $1 51. Rg8+ $2 {[#]} (51. a4 h4+ 52. Kh3) 51... Kf6 $1 52. Rf8+ $2 (52. a4 h4+ 53. Kg4 Rg2+ 54. Kh3 Rg3+ {[%mdl 64] Double Attack} 55. Kh2) 52... Kg7 53. Ra8 h4+ 54. Kh3 Rf2 55. a4 Rxf3+ 56. Kg2 Ra3 57. a5 g4 (57... h3+ $142 58. Kh2 g4 59. Ra7+ Kf6 60. Rh7 Ra2+ 61. Kh1 Kg5 62. a6 Rxa6 63. Rh8 Ra1+ 64. Kh2 Ra2+ 65. Kg1 e5 66. Rh7 Kf4 67. Rf7+ Kg3 68. Rf1 Rg2+ 69. Kh1 Rf2 70. Re1 Kf4 71. Rb1 g3 72. Rd1 e4 73. Rb1 h2 74. Re1 Kg5 75. Rd1 Kg4 76. Ra1 Kh3 77. Rg1 {[#]} Rf1 $3 {[%mdl 576] Deflection} 78. Rxf1 g2#) 58. a6 Ra2+ 59. Kg1 g3 {What a bad dream for White.  Weighted Error Value: White=1.07/Black=0.44} 0-1

[Event "2. AUT Bundesliga 2020-21"]
[Site "Graz"]
[Date "2021.04.11"]
[Round "5.2"]
[White "Stradner, Stefan"]
[Black "Toller, Maximilian"]
[Result "1-0"]
[WhiteElo "2124"]
[BlackElo "2014"]
[Annotator "TA"]
[PlyCount "63"]
[EventDate "2021.01.17"]
[EventType "team-tourn"]
[EventCountry "AUT"]
[SourceTitle "playchess.com"]
[Source "ChessBase"]
[SourceQuality "1"]

{[%evp 9,63,51,54,43,59,37,45,46,56,34,43,20,12,0,16,0,32,25,13,12,20,17,21,15,47,33,42,48,33,25,26,13,29,0,39,41,120,101,93,96,90,100,814,814,741,62,419,350,623,608,669,639,718,591,1550,1497]} 1. d4 d5 2. Nf3 Nf6 3. e3 Bf5 4. c4 dxc4 5. Bxc4 e6 6. O-O {D25: Queen's Gambit Accepted: 4 e3: sidelines and 4...Bg4.} Bd6 7. Nc3 O-O 8. Qe2 {White is slightly better.} Ne4 9. Rd1 Nd7 {[#]} 10. Nxe4 $146 ({Predecessor:} 10. Bd2 c6 11. Be1 Qf6 12. Bd3 Nxc3 13. Bxc3 Bxd3 14. Rxd3 Rad8 15. Rad1 Qe7 16. e4 {0-1 (69) Cebalo,M (2409)-Kristovic,M (2295) Zagreb 2016}) 10... Bxe4 11. Bd3 Bxd3 12. Rxd3 c5 13. b3 Qe7 14. Bb2 Rfd8 15. Rad1 Nb6 16. e4 cxd4 17. Nxd4 Bc5 18. Qg4 g6 19. Qe2 (19. Qg3 {is interesting.} Nd7 20. Nb5 Nf6 21. Qe5 Rxd3 22. Rxd3 Rd8 23. Rxd8+ Qxd8 24. h3) 19... Rac8 20. Qd2 Qf8 21. Qa5 Qg7 {...Bxd4 is the strong threat.} 22. g3 Qe5 {[#]} (22... e5 $14 23. Nc6 Rxd3 24. Rxd3 Bxf2+ {[%mdl 64] Decoy} 25. Kxf2 Qf6+ 26. Ke3 (26. Rf3 Qxc6 27. Qxe5 Qc5+ 28. Qxc5 Rxc5 $11) 26... Qg5+ 27. Ke2 Qh5+ 28. Kf1 bxc6) 23. Nf3 $1 Rxd3 24. Nxe5 Rxd1+ 25. Kg2 Bd4 $2 {[%mdl 8192]} (25... Bxf2 $16 26. Kxf2 Rc2+ {[%mdl 64] Double Attack} 27. Ke3 Rxb2) 26. Bxd4 $18 Rxd4 27. Ng4 $2 (27. Qxa7 $18 Rd6 28. Qxb7) 27... f5 $2 {[%mdl 8192] [#]} ({Black should try} 27... Nd7 $14) 28. Qe5 $1 fxg4 (28... Rxe4 29. Nf6+ {[%mdl 64] Double Attack} Kf7 30. Nxe4 fxe4 31. Qf4+ Kg8 32. Qxe4 Rc6) 29. Qxd4 {White is clearly winning.} Kf7 30. a4 {[%cal Ba2a4,Ba4a5][%mdl 32]} Rc7 31. a5 Nd7 32. Qd6 {Weighted Error Value: White=0.38/Black=0.54} 1-0

[Event "2. AUT Bundesliga 2020-21"]
[Site "Graz"]
[Date "2021.04.11"]
[Round "5.2"]
[White "Teuschler, Barbara"]
[Black "Marakovits, Nico"]
[Result "1/2-1/2"]
[WhiteElo "2109"]
[BlackElo "2214"]
[Annotator "TA"]
[PlyCount "103"]
[EventDate "2021.01.17"]
[EventType "team-tourn"]
[EventCountry "AUT"]
[SourceTitle "playchess.com"]
[Source "ChessBase"]
[SourceQuality "1"]

{[%evp 24,103,31,13,44,27,33,38,35,19,15,9,36,23,36,43,55,38,40,13,25,10,9,14,11,0,11,0,2,9,37,37,39,37,62,58,69,67,71,75,68,52,35,21,21,13,20,20,16,0,0,0,0,0,0,0,0,0,0,0,0,0,0,0,0,0,0,0,0,0,0,0,0,0,0,0,0,0,0,0,0,0]} 1. e4 c5 2. Nf3 e6 3. d4 cxd4 4. Nxd4 Nc6 5. Nc3 Nf6 6. Ndb5 Bb4 7. a3 Bxc3+ 8. Nxc3 d5 9. exd5 exd5 10. Bd3 O-O 11. O-O d4 12. Ne2 Bg4 13. Bg5 Re8 {B45: Sicilian Four Knights.} (13... h6 $5 {[%cal Rh6g5]} 14. Bh4 Bxe2 15. Qxe2 Re8 $14) 14. Re1 Qd6 15. Qd2 Bxe2 {White is slightly better.} 16. Rxe2 Rxe2 17. Qxe2 Re8 18. Qd2 {[#]} Ng4 $146 ({Predecessor:} 18... Nd7 19. Re1 Rxe1+ 20. Qxe1 Nf8 21. Qe4 g6 22. b4 a6 23. Bc4 Ne6 24. Bc1 b5 {1-0 (33) Jakubowski,K (2481)-Abergel,T (2460) Karlsruhe 2020}) 19. Bf4 Qe6 20. h3 (20. Kf1 {feels hotter.} Nge5 21. Re1 Qd7 22. Qe2 Re7 23. Be4) 20... Nge5 21. Bxe5 Qxe5 22. Rd1 g6 23. Bf1 Kg7 24. g3 Rd8 25. Re1 (25. f4 {is interesting.} Qe6 26. Bg2 Qa2 27. Qc1 Qc4 28. Rd3) 25... Qf5 26. Qd3 Qxd3 27. Bxd3 $11 {[%mdl 4096] Endgame KRB-KRN} Kf6 28. f4 h5 29. Kf2 b6 30. g4 hxg4 31. hxg4 Kg7 32. Bb5 Rc8 33. Kf3 Na5 {The position is equal.} 34. Re2 Nc4 35. Bxc4 Rxc4 {KR-KR} 36. Rf2 f5 $1 37. g5 Kf7 38. Rd2 a6 39. b3 Rc3+ 40. Kf2 Ke6 41. Rxd4 {And now Rc4 would win.} Rxc2+ 42. Ke1 Rc3 43. Rb4 b5 {[#] Strongly threatening ...Kd5.} 44. a4 Rc5 {White must now prevent ...Rd5.} 45. Kd2 Rd5+ 46. Kc3 $1 Kd6 {...Kc5 is the strong threat.} 47. axb5 axb5 48. Rd4 Kc6 49. Rxd5 Kxd5 50. Kd3 Kc5 (50... b4 $5) 51. Kc3 $1 b4+ (51... Kd5 $5 52. Kd3 $8 Kc5 $11) 52. Kd3 {Weighted Error Value: White=0.04/Black=0.04} 1/2-1/2

[Event "2. AUT Bundesliga 2020-21"]
[Site "Graz"]
[Date "2021.04.11"]
[Round "5.3"]
[White "Ftacnik, Lubomir"]
[Black "Bauer, Sebastian"]
[Result "*"]
[WhiteElo "2512"]
[BlackElo "2280"]
[Annotator "TA"]
[PlyCount "42"]
[EventDate "2021.01.17"]
[EventType "team-tourn"]
[EventCountry "AUT"]
[SourceTitle "playchess.com"]
[Source "ChessBase"]
[SourceQuality "1"]

{[%evp 19,42,31,37,24,23,23,64,15,43,36,54,47,61,2,8,0,19,-48,-74,-73,-23,-35,-29,-40,-18]} 1. Nf3 Nf6 2. c4 g6 3. Nc3 Bg7 4. e4 d6 5. d4 O-O 6. Be2 e5 7. O-O Nc6 8. d5 Ne7 9. b4 Nh5 10. Re1 f5 11. a4 {[%cal Ba2a4,Ba4a5][%mdl 32] E97: King's Indian: Classical Main Line (6...e5 7 0-0 Nc6): 8 Be3 and 8 d5 Ne7, not 9 Ne1.} Nf6 12. Bd3 {[#]} c6 $146 ({Predecessor:} 12... h6 13. Ba3 f4 14. c5 g5 15. b5 Ng6 16. b6 cxb6 17. cxd6 a6 18. Rb1 g4 {½-½ (39) Zhou,J (2565)-Ding,L (2717) Xinghua 2014}) 13. Ra3 {White is slightly better.} Kh8 14. Nd2 Bh6 15. a5 cxd5 16. cxd5 (16. exd5 $14 Bd7 17. Bb2) 16... fxe4 $11 17. Bxe4 Bf5 18. f3 (18. Bb2 $11) 18... Rc8 $15 19. Bb2 Qd7 20. Rb3 Kg8 21. b5 Qc7 {Weighted Error Value: White=0.28/Black=0.15} *

[Event "2. AUT Bundesliga 2020-21"]
[Site "Graz"]
[Date "2021.04.11"]
[Round "5.3"]
[White "Breneis, Lukas"]
[Black "Riemelmoser, Franz"]
[Result "0-1"]
[WhiteElo "2252"]
[BlackElo "2235"]
[Annotator "TA"]
[PlyCount "78"]
[EventDate "2021.01.17"]
[EventType "team-tourn"]
[EventCountry "AUT"]
[SourceTitle "playchess.com"]
[Source "ChessBase"]
[SourceQuality "1"]

{[%evp 9,78,20,22,0,20,20,25,-24,-6,-22,0,-23,15,6,5,15,48,46,72,77,90,71,93,83,95,79,105,95,83,75,83,39,73,66,81,21,14,7,17,29,42,46,61,55,67,-53,0,0,20,-27,-21,-50,-26,-69,-64,-1831,-401,-411,-396,-395,-404,-566,-566,-529,-510,-6355,-5947,-5947,-5645,-5645,-4140]} 1. e4 e6 2. d3 d5 3. Qe2 dxe4 4. dxe4 e5 5. Nf3 Bd6 {[#]} 6. Bg5 $146 {C00: French: Unusual White 2nd moves.} ({Predecessor:} 6. Nbd2 Ne7 7. Nc4 Nbc6 8. c3 O-O 9. Qc2 Ng6 10. Be2 Re8 11. O-O Bf8 12. Bg5 f6 13. Rad1 {0-1 (42) Cyborowski,L (2509)-Socko,B (2636) Zgierz 2019}) 6... Ne7 7. Nc3 h6 8. Bh4 {White has an edge.} Nbc6 9. O-O-O Bg4 10. Nb5 a6 11. Nxd6+ cxd6 12. Qd2 g5 13. Bg3 Nd4 14. Nxd4 Bxd1 15. Qxd1 {Threatens to win with Nb3.} exd4 16. Qxd4 O-O 17. Bc4 {[%mdl 1024] White has strong compensation.} ({Reject} 17. Bxd6 $6 Nc6 $11) 17... Nc6 18. Qe3 Qf6 19. h4 {Black must now prevent hxg5.} g4 20. f3 gxf3 21. gxf3 Rac8 22. Bd5 (22. Be1 $16) 22... Kh7 $11 23. Rd1 Rg8 24. Be1 Ne5 25. Bc3 Rg3 26. Bxb7 Rc7 27. Qb6 {[#]} ({White has to play} 27. Bxa6 $14 Rxf3 28. Qd4) 27... Rxc3 $1 28. bxc3 Qxf3 29. Qb3 a5 $36 {[%mdl 2048] Black has the initiative.} 30. a4 Qe3+ 31. Kb2 Qe2 32. Rd5 {[%mdl 8192] Now White is beyond hope.} (32. Rh1 $15) 32... Rg1 (32... Nc4+ $142 33. Ka2 Rg1) 33. Rxe5 Qf1 {[%csl Gg1][%cal Rf1a1] [#]} 34. Qa2 dxe5 35. Bc8 (35. h5 $142) 35... Kg7 $19 {Black is clearly winning.} 36. Bf5 Rh1 37. Qd5 (37. h5 $142) 37... Qa1+ 38. Kb3 Rb1+ 39. Kc4 Qxa4+ {[%mdl 64] Double Attack.  Weighted Error Value: White=0.75/Black=0.36} 0-1